Batman Actors Quiz Stats

 Plays Quiz not verified by Sporcle

Score 0/10 Timer 05:00
0 Plays Today
Movie/TV Show Actor % Correct
Batman Begins and The Dark KnightChristian Bale
98.9%
Batman and RobinGeorge Clooney
95.5%
Batman (1960's TV series) and Batman the Movie (1966)Adam West
94.3%
Batman + Batman Returns Michael Keaton
93.2%
Batman ForeverVal Kilmer
93.2%
Batman the Animated SeriesKevin Conroy
65.9%
The BatmanRino Romano
48.9%
Batman (1943)Lewis Wilson
45.5%
Batmn (1949 serial)Robert Lowery
45.5%
Batman: Brave and the BoldDiedrich Bader
45.5%

You're not logged in!

Compare scores with friends on all Sporcle quizzes.
OR
Log In

Show Comments

Extras

Created Apr 22, 2011SourceReportNominate
Tags:Actor Quiz, Batman

Top Quizzes Today


Score Distribution

Your Account Isn't Verified!

In order to create a playlist on Sporcle, you need to verify the email address you used during registration. Go to your Sporcle Settings to finish the process.

Report this User

Report this user for behavior that violates our Community Guidelines.

Details: